[Event "DSOL 02 Liga Gr-C 1st"]
[Site "Playchess.com INT"]
[Date "2020.07.23"]
[Round "5.4"]
[White "Varain, Ernst Helmuth"]
[Black "Weischenberg, Juergen"]
[Result "1/2-1/2"]
[WhiteElo "1954"]
[BlackElo "1833"]
[PlyCount "37"]
[EventDate "2020.06.22"]
[EventType "team-tourn (rapid)"]
[EventCountry "GER"]
[SourceTitle "EXT 2021"]
[Source "ChessBase"]
[SourceDate "2020.10.23"]
[SourceVersion "1"]
[SourceVersionDate "2020.10.23"]
[SourceQuality "1"]
[WhiteTeam "Grosshansdorf"]
[BlackTeam "Brand SF"]
[WhiteTeamCountry "GER"]
[BlackTeamCountry "GER"]

1. e4 c5 2. Nf3 d6 3. c3 Nf6 4. Be2 Bd7 5. d3 g6 6. 0-0 Bg7 7. a4 0-0 8. Na3 Nc6 9. Nc4 Qc7 10. Bf4 h6 11. h3 e5 12. Be3 b6 13. Na3 d5 14. Qc2 Rac8 15. Rfe1 Be6 16. Nh2 Rfd8 17. Ng4 Nxg4 18. hxg4 g5 19. f3 1/2-1/2

[Event "Mittelrhein Verbandsliga West 1920"]
[Site "Mittelrhein"]
[Date "2019.10.27"]
[Round "2.5"]
[White "Huppertz, Franz Josef"]
[Black "Weischenberg, Juergen"]
[Result "0-1"]
[WhiteElo "1727"]
[BlackElo "1814"]
[PlyCount "86"]
[EventDate "2019.09.29"]
[EventType "team-tourn"]
[EventRounds "9"]
[EventCountry "GER"]
[SourceTitle "EXT 2023"]
[Source "ChessBase"]
[SourceDate "2022.10.05"]
[SourceVersion "1"]
[SourceVersionDate "2022.10.05"]
[SourceQuality "1"]
[WhiteTeam "Eschweiler SC"]
[BlackTeam "Brand SF"]
[WhiteTeamCountry "GER"]
[BlackTeamCountry "GER"]

1. d4 d5 2. Nf3 Nf6 3. Bf4 e6 4. e3 Bd6 5. Nbd2 0-0 6. c3 b6 7. Ne5 c5 8. Bd3 Ba6 9. Bc2 Qc7 10. g4 Nfd7 11. Ndf3 f6 12. Nxd7 Nxd7 13. Bxd6 Qxd6 14. Qb1 h6 15. Bh7+ Kh8 16. Nh4 f5 17. gxf5 Kxh7 18. fxe6+ Kg8 19. Rg1 Qxe6 20. Ng6 Rf6 21. Qc2 cxd4 22. cxd4 Rc8 23. Qb1 Kf7 24. Nh4 Nf8 25. Qd1 Kg8 26. Qh5 Qf7 27. Qxf7+ Kxf7 28. Rg3 g5 29. Nf3 Ng6 30. Kd2 Rfc6 31. Ne1 Nh4 32. f4 Kf6 33. a3 R6c7 34. Nd3 Bxd3 35. fxg5+ hxg5 36. Kxd3 Rc1 37. Rxc1 Rxc1 38. Kd2 Rh1 39. h3 Rf1 40. Kd3 Rf3 41. Rxf3+ Nxf3 42. e4 dxe4+ 43. Kxe4 Ng1 0-1